[Event "29th Mem Nezhmetdinov"]
[Site "Kazan RUS"]
[Date "2007.06.03"]
[Round "3"]
[White "Reshetnikov,A"]
[Black "Bezgodov,A"]
[Result "1/2-1/2"]
[WhiteElo "2385"]
[BlackElo "2561"]

1.d4 d5 2.c4 Nc6 3.cxd5 Qxd5 4.e3 e5 5.Nc3 Bb4 6.Bd2 Bxc3 7.Bxc3 exd4 8.Ne2 Nf6
9.Nxd4 O-O 10.Nb5 Qg5 11.h4 Qh6 12.Nxc7 Bg4 13.Qb3 Rac8 14.Nd5 Ne4 15.Bd3 Nxc3
16.Nxc3 Rfe8 17.Be4 Na5 18.Qb4 Nc4 19.O-O b6 20.Bd5 a5 21.Qa4 Ne5 22.Qd4 Qg6
23.f3 Bh3 24.Rf2 Bf5 25.e4 Bd7 26.Rd1 b5 27.Qe3 h6 28.Ne2 Bc6 29.Qf4 Rcd8
30.Qg3 Bxd5 31.Qxg6 Nxg6 32.exd5 Nxh4 33.Nc3 b4 34.Ne4  1/2-1/2

[Event "TCh-BIH"]
[Site "Vogosca BIH"]
[Date "2007.06.03"]
[Round "2"]
[White "Doric,D"]
[Black "Miladinovic,I"]
[Result "0-1"]
[WhiteElo "2482"]
[BlackElo "2607"]

1.d4 d5 2.c4 Nc6 3.Nc3 Nf6 4.cxd5 Nxd5 5.Nf3 Bf5 6.Bg5 f6 7.Bh4 h5 8.Qb3 e6
9.e4 Nxc3 10.exf5 Nd5 11.Bc4 Na5 12.Qa4+ c6 13.Bxd5 Qxd5 14.O-O exf5 15.Rfe1+ Kf7
16.Ne5+ Kg8 17.Ng6 Rh6 18.Nxf8 Rxf8 19.f3 Nc4 20.Qxa7 b6 21.b3 Nd2 22.Qxb6 Rg6
23.Kf2 Rxg2+ 24.Kxg2 Nxf3 25.Kh3 Nxh4 26.Rg1 Re8 27.Kxh4 g5+ 28.Kh3 Qf3+
29.Rg3 g4+  0-1

[Event "35th World Open"]
[Site "King of Prussia USA"]
[Date "2007.06.04"]
[Round "8"]
[White "Arnold,M"]
[Black "Smith,Bry"]
[Result "0-1"]
[WhiteElo "2237"]
[BlackElo "2386"]

1.d4 d5 2.c4 Nc6 3.Nc3 dxc4 4.d5 Ne5 5.e4 e6 6.Nf3 Bd6 7.Bxc4 Nxc4 8.Qa4+ Bd7
9.Qxc4 e5 10.O-O a6 11.a4 Ne7 12.Ne1 O-O 13.Qe2 Ng6 14.Nd3 Qh4 15.g3 Qh3
16.f4 exf4 17.Nxf4 Nxf4 18.Bxf4 f6 19.Bxd6 cxd6 20.Qe3 Be8 21.Ra3 Bg6 22.Rb3 Qd7
23.Rb4 Rae8 24.Qf3 Re5 25.Qf2 Rfe8 26.Qd4 Bxe4 27.Nxe4 Rxe4 28.Qxe4 Rxe4
29.Rxe4 Qc7 30.b4 Qc2 31.Re7 b6 32.Rfe1 Qxa4 33.Rb7 h5 34.Ree7 Qd1+ 35.Kf2 Qd4+
36.Kf1 f5 37.Rf7 h4 38.gxh4 Qc4+ 39.Kg1 Qg4+ 40.Kf1 Qc4+ 41.Kg1 Qg4+ 42.Kf1 f4
43.h5 f3 44.Kf2 Qd4+ 45.Kg3 Qg1+  0-1

[Event "TCh-BIH"]
[Site "Vogosca BIH"]
[Date "2007.06.07"]
[Round "6"]
[White "Tadic,B"]
[Black "Miladinovic,I"]
[Result "1/2-1/2"]
[WhiteElo "2504"]
[BlackElo "2607"]

1.d4 d5 2.c4 Nc6 3.cxd5 Qxd5 4.e3 e5 5.Nc3 Bb4 6.Bd2 Bxc3 7.Bxc3 exd4 8.Ne2 Nf6
9.Nxd4 O-O 10.Qb3 Nxd4 11.Bxd4 Qg5 12.Bxf6 Qxf6 13.Bc4 b6 14.O-O Bb7 15.Rfd1 Rad8
16.Rxd8 Rxd8 17.Rd1 Rxd1+ 18.Qxd1 Qg5 19.g3 Qe7 20.Bf1 g6 21.Bg2 Bxg2 22.Kxg2 a5
23.Qd4 h5  1/2-1/2

[Event "National Open"]
[Site "Las Vegas USA"]
[Date "2007.06.09"]
[Round "4"]
[White "Vigorito,D"]
[Black "Steinfl,A"]
[Result "1-0"]
[WhiteElo "2358"]
[BlackElo "2263"]

1.d4 d5 2.c4 Nc6 3.cxd5 Qxd5 4.e3 e5 5.Nc3 Bb4 6.Bd2 Bxc3 7.Bxc3 exd4 8.Ne2 Nf6
9.Nxd4 O-O 10.Nb5 Qxd1+ 11.Rxd1 Ne8 12.Bc4 a6 13.Nd4 Nd6 14.Nxc6 Nxc4 15.Ne7+ Kh8
16.b3 Nb6 17.Be5 c6 18.Bc7 Nd5 19.Nxd5 cxd5 20.Rxd5 Be6 21.Rc5 Rac8 22.Ke2 Rfd8
23.Rhc1 Rd5 24.R5c3 Bd7 25.f3 Bb5+ 26.Ke1 Bc6 27.Bb6 Re8 28.R1c2 Re6 29.Kf2 Red6
30.Bd4 f6 31.Rc5 Kg8 32.g4 Kf7 33.a4 Rxc5 34.Rxc5 Rd5 35.Rc4 Ke6 36.e4 Rd8
37.Ke3 Kd6 38.h4 Rd7 39.h5 Ke6 40.Rc5 g6 41.g5 fxg5 42.Rxg5 Kf7 43.Rg1 Rd6
44.Be5 Rd7 45.hxg6+ hxg6 46.Rh1 Ke6 47.Bd4 Rd8 48.Rh6 Rg8 49.f4 Kf7 50.Rh7+ Ke6
51.Bc5 Kf6 52.Be7+ Ke6 53.Bg5 Kd6 54.Kd4 Bd7 55.Be7+ Ke6 56.Bh4 Kd6 57.a5 Bc6
58.Be7+ Ke6 59.Bg5 Bd7 60.Kc5 Rc8+ 61.Kb6 Bc6 62.Re7+ Kd6 63.e5+ Kd5 64.Rg7 Re8
65.Rxg6 Re6 66.Rg8 Ke4 67.Ka7 Bd5 68.Rb8 Bxb3 69.Rxb7 Bc4 70.Rb4 Kd5 71.Bd8 Re8
72.Bc7 Bd3 73.Bd6 Rg8 74.Rb7 Rg1 75.Bb8 Ke6 76.Rb6+ Kd5 77.Rd6+ Kc4 78.e6 Re1
79.Kxa6 Bf5 80.Kb6 Bxe6 81.a6 Bd5 82.a7 Ba8 83.f5 Rf1 84.f6 Rf5 85.Kc7 Kc5
86.Kd7 Rf3 87.Ke7 Re3+ 88.Re6 Rh3 89.f7 Rh7 90.Rf6 Bd5 91.Rf5  1-0

[Event "Salongernas IM"]
[Site "Stockholm SWE"]
[Date "2007.06.16"]
[Round "8"]
[White "Lund,E"]
[Black "Olsson,L"]
[Result "1/2-1/2"]
[WhiteElo "2309"]
[BlackElo "2368"]

1.d4 d5 2.c4 Nc6 3.Nc3 dxc4 4.d5 Ne5 5.Nf3 Ng6 6.e4 e5 7.Nd2 Nf6 8.Nxc4 Bc5
9.Be3 Bxe3 10.Nxe3 O-O 11.Be2 Ne8 12.O-O Nd6 13.Rc1 a6 14.Rc2 Bd7 15.Bg4 Rc8
16.g3 Ne7 17.Re1 g6 18.Bxd7 Qxd7 19.Ng4 f6 20.f4 exf4 21.gxf4 f5 22.Ne5 Qd8
23.exf5 Nexf5 24.Ne4 Nxe4 25.Rxe4 c6 26.d6 Qxd6 27.Rd2 Qe6 28.Rd7 Rce8 29.Qg4 Nd6
30.Qxe6+ Rxe6 31.Rd4 Nf5 32.Rd3 g5 33.Rxb7 gxf4 34.Nf3 Re3 35.Rdb3 c5 36.Rb8 Nd4
37.Rxf8+ Kxf8 38.Nxd4 cxd4 39.Rb4 Rd3 40.Kf2 f3 41.Rb7 Rd2+ 42.Kxf3 Rxh2
43.Ke4 Rd2 44.Rxh7 Rxb2 45.Kxd4 Rxa2  1/2-1/2

[Event "11th Master Open"]
[Site "Voronezh RUS"]
[Date "2007.06.16"]
[Round "5"]
[White "Gleizerov,E"]
[Black "Rakhmanov,A"]
[Result "1/2-1/2"]
[WhiteElo "2570"]
[BlackElo "2497"]

1.d4 d5 2.c4 Nc6 3.Nc3 dxc4 4.e3 e5 5.d5 Nce7 6.Bxc4 Ng6 7.Nge2 Bd6 8.Ng3 Nf6
9.O-O a6 10.a3 O-O 11.b4 Bg4 12.f3 Bd7 13.Bb2 Ne8 14.Nce4 Qe7 15.Qd2 f5 16.Nc5 Bc8
17.Ne6 Rf7 18.e4 f4 19.Nf5 Qf6 20.g3 Nf8 21.Nxf4 Bxf5 22.exf5 Qh6 23.Bxe5 Bxe5
24.d6 Nxd6 25.Bxf7+ Nxf7 26.Rad1 Bxf4 27.gxf4 Qf6 28.Qc2 c6 29.Rfe1 Kh8 30.Qc5 g6
31.Qe7  1/2-1/2

[Event "11th Master Open"]
[Site "Voronezh RUS"]
[Date "2007.06.19"]
[Round "7"]
[White "Chernyshov,K"]
[Black "Rakhmanov,A"]
[Result "1-0"]
[WhiteElo "2567"]
[BlackElo "2497"]

1.d4 d5 2.c4 Nc6 3.Nc3 dxc4 4.d5 Ne5 5.f4 Ng6 6.e4 e6 7.Bxc4 Nf6 8.Bb5+ Nd7
9.dxe6 fxe6 10.Nf3 a6 11.Bc4 Nb6 12.Qxd8+ Kxd8 13.Bb3 Bc5 14.Ke2 h6 15.a4 a5
16.h4 Rf8 17.g3 Ke7 18.h5 Nh8 19.Ne5 Nd7 20.Nd3 Ba7 21.Nb5 Bb8 22.Be3 Nf7
23.e5 b6 24.Rh4 c5 25.Rg4 Rg8 26.Rf1 Nf8 27.Bc4 Bd7 28.b3 Nd8 29.Bd2 Be8
30.Rh4 Bf7 31.Bc3 Nc6 32.g4 Nd7 33.Rh3 Rf8 34.Rg1 Bg8 35.g5 Bh7 36.gxh6 gxh6
37.Rg7+ Rf7 38.Rhg3 Kf8 39.Rxh7 Rxh7 40.Bxe6  1-0

[Event "11th Master Open"]
[Site "Voronezh RUS"]
[Date "2007.06.21"]
[Round "9"]
[White "Slugin,S"]
[Black "Serjakov,D"]
[Result "1-0"]
[WhiteElo "2383"]
[BlackElo "2287"]

1.d4 d5 2.c4 Nc6 3.Nf3 Bg4 4.Nc3 e6 5.cxd5 Bxf3 6.exf3 exd5 7.Bb5 Ne7 8.O-O Qd6
9.Bg5 f6 10.Bh4 a6 11.Bg3 Qd7 12.Ba4 h5 13.h3 h4 14.Bh2 Rh5 15.Re1 Kf7 16.Rc1 g6
17.Ne2 Bh6 18.Rc3 Rc8 19.a3 b5 20.Bc2 Na5 21.b3 Nb7 22.Bf4 Bf8 23.Qc1 c6
24.Be3 g5 25.Bb1 Nd6 26.Qd2 Ra8 27.Nc1 a5 28.Nd3 Nb7 29.f4 g4 30.Qe2 Rh8
31.Qxg4 Qxg4 32.hxg4 a4 33.b4 Nd6 34.f5 Nc4 35.Kh2 Nc8 36.g5 Bd6+ 37.Kh3 Ne7
38.g6+ Kg7  1-0

[Event "King's Gambit B"]
[Site "Lipetsk RUS"]
[Date "2007.06.23"]
[Round "2"]
[White "Barbashin,I"]
[Black "Dmitrenko,V"]
[Result "0-1"]
[WhiteElo "2300"]
[BlackElo "2367"]

1.d4 d5 2.c4 Nc6 3.Nf3 Bg4 4.Nc3 Nf6 5.Ne5 dxc4 6.Nxg4 Nxg4 7.e3 Nf6 8.Bxc4 e6
9.O-O Bd6 10.e4 Nxd4 11.Be3 Nc6 12.Bb5 O-O 13.Bxc6 bxc6 14.Rc1 Qe7 15.Qe2 Rfb8
16.Rc2 Rb4 17.Bg5 Be5 18.f3 Rab8 19.b3 Qc5+ 20.Be3 Bd4 21.Bxd4 Rxd4 22.Na4 Qb5
23.Qe3 Rbd8 24.Nb2 e5 25.Rfc1 R8d6 26.Kf2 Rxe4 27.Qxa7 Red4 28.Nc4 Rd8 29.Qxc7 e4
30.Qf4 Nd5 31.Qe5 Nb4 32.Qxb5 cxb5  0-1

[Event "Open"]
[Site "Pula CRO"]
[Date "2007.06.26"]
[Round "4"]
[White "Zierke,O"]
[Black "Jones,G"]
[Result "0-1"]
[WhiteElo "2313"]
[BlackElo "2518"]

1.d4 d5 2.c4 Nc6 3.Nc3 dxc4 4.Nf3 Nf6 5.e4 Bg4 6.Be3 e6 7.Bxc4 Bb4 8.Qc2 O-O
9.Rd1 Qe7 10.Be2 e5 11.d5 Nd4 12.Nxd4 exd4 13.Rxd4 Bxe2 14.Kxe2 Ng4 15.h3 Nxe3
16.fxe3 Bc5 17.Rd3 f5 18.Rf1 fxe4 19.Rdd1 Rfe8 20.Rf4 Bd6 21.Rxe4 Qg5 22.g4 Rf8
23.Rf1 Qh4 24.Rxf8+ Rxf8 25.Kd3 Qxh3 26.Nb5 Qf1+ 27.Qe2 Qb1+ 28.Qc2 Qxa2
29.Nxd6 cxd6 30.Kd4 Qa5 31.Re6 Qb4+ 32.Kd3 Qxg4 33.Rxd6 Qf5+ 34.e4 Qf1+ 35.Kd4 Qg1+
36.Ke5 Qg3+  0-1

[Event "Masters"]
[Site "Grenoble FRA"]
[Date "2007.06.28"]
[Round "9"]
[White "Aguettaz,M"]
[Black "Rodrigues,Em"]
[Result "1/2-1/2"]
[WhiteElo "2329"]
[BlackElo "2153"]

1.c4 Nc6 2.d4 d5 3.e3 e5 4.dxe5 d4 5.a3 Nge7 6.Nf3 Bg4 7.Be2 dxe3 8.Qxd8+ Rxd8
9.Bxe3 Bxf3 10.Bxf3 Nxe5 11.Bxb7 Nxc4 12.Bxa7 Na5 13.Bf3 Nb3 14.Ra2 Nc1 15.Ra1 Nb3
16.Ra2 Nc1 17.Ra1 Nb3  1/2-1/2

[Event "Open"]
[Site "Pula CRO"]
[Date "2007.06.28"]
[Round "7"]
[White "Nikolov,Sas"]
[Black "Antal,Ge"]
[Result "1-0"]
[WhiteElo "2378"]
[BlackElo "2448"]

1.d4 d5 2.c4 Nc6 3.Nc3 dxc4 4.Nf3 Nf6 5.e4 Bg4 6.Be3 e5 7.d5 Nb8 8.Bxc4 Nbd7
9.h3 Bxf3 10.Qxf3 a6 11.O-O Bd6 12.Rac1 O-O 13.Rc2 h6 14.Rfc1 Kh7 15.Bf1 g6
16.Nb1 Kg7 17.Nd2 Nh7 18.Qg3 Ng5 19.f3 f5 20.exf5 gxf5 21.f4 exf4 22.Bxf4 Qf6
23.Rxc7 Bxc7 24.Rxc7 Qd4+ 25.Kh2 Qxd5 26.Bc4  1-0

[Event "Open"]
[Site "Pula CRO"]
[Date "2007.06.29"]
[Round "8"]
[White "Lie,K"]
[Black "Jones,G"]
[Result "1-0"]
[WhiteElo "2529"]
[BlackElo "2518"]

1.d4 d5 2.c4 Nc6 3.Nf3 Bg4 4.Nc3 e6 5.Bf4 dxc4 6.e3 Bd6 7.Bg3 Nf6 8.Bxc4 O-O
9.Bh4 Be7 10.h3 Bh5 11.g4 Bg6 12.Bxf6 Bxf6 13.h4 h5 14.Ng5 Bxg5 15.hxg5 Qxg5
16.gxh5 Qg2 17.Ke2 Na5 18.hxg6 Nxc4 19.Qg1 Qxg6 20.Qxg6 fxg6 21.Ne4 e5 22.Rac1 Nd6
23.Nxd6 cxd6 24.dxe5 dxe5 25.Rc7 Rac8 26.Rhc1 Rxc7 27.Rxc7 Rf7 28.Rc8+ Kh7
29.Re8 Rc7 30.Kd2 Rf7 31.Ke1 Rc7 32.Rxe5 Rc2 33.Rb5 b6 34.Kf1 g5 35.Kg2 Kg6
36.Kg3 Kf6 37.a4 Rd2 38.Kf3 g4+ 39.Kg3 g6 40.Rb4 Kg7 41.Rb5 Kf6 42.b3 Rb2
43.Rb4 Kg7 44.Rb5 Kf6 45.a5 bxa5 46.Rxa5 Rxb3 47.Kxg4 Rb7 48.Ra6+ Kg7 49.e4 Re7
50.f3 Kh6 51.Ra5 Rf7 52.f4 Re7 53.e5 Rb7 54.Ra6 Rc7 55.f5 Rc4+ 56.Kf3 Kg5
57.f6 Rb4 58.Ke3 Rb7 59.Ke4 Rh7 60.Ra1 Rh4+ 61.Kd5 Rf4 62.Ke6 Rb4 63.f7 Rb6+
64.Kd5 Rb8 65.Rf1  1-0

[Event "ch-IRL"]
[Site "Dublin IRL"]
[Date "2007.07.01"]
[Round "2"]
[White "Pert,N"]
[Black "Fitzsimons,D"]
[Result "1-0"]
[WhiteElo "2525"]
[BlackElo "2133"]

1.d4 d5 2.c4 Nc6 3.Nf3 Bg4 4.Nc3 e6 5.cxd5 exd5 6.Bf4 Bxf3 7.gxf3 Bd6 8.Bg3 f5
9.Qd2 Nf6 10.Bh3 g6 11.O-O-O O-O 12.Rhg1 Nh5 13.Bxd6 Qxd6 14.e4 fxe4 15.fxe4 dxe4
16.d5 Nf4 17.Nxe4 Qe5 18.Rge1 Nxh3 19.dxc6 bxc6 20.Kb1 Rab8 21.Ka1 Rf4 22.Qc2 Rf7
23.Nd6 Qxe1 24.Rxe1 cxd6 25.Qxc6 Nxf2 26.Qxd6 Rbf8 27.Qd4 Nh3 28.a3 Ng5 29.Qc4 Nf3
30.Re2 Kg7 31.Qc3+ Kg8 32.h3 Nh4 33.Ka2 Nf5 34.Rd2 Re8 35.Rd5 Rfe7 36.Ra5 Rd8
37.Qc5 Rdd7 38.Qc8+ Kg7 39.Rb5 Rc7 40.Qd8 Red7 41.Qg5 Kf7 42.Qg2 Re7 43.h4 Nxh4
44.Qd5+ Re6 45.Qh1 Nf5 46.Rxf5+ gxf5 47.Qxh7+ Kf6 48.Qxc7 a6 49.Qf4 Kg6 50.b4 Kf6
51.Kb3 Kg6 52.Ka4 Kf6 53.Ka5 Kg6 54.a4 Kf6 55.b5 axb5 56.axb5 Re4 57.Qh6+ Ke5
58.b6 Re1 59.b7 Rb1 60.Qh8+  1-0

[Event "ch-BEL Expert"]
[Site "Namur BEL"]
[Date "2007.07.01"]
[Round "2"]
[White "Wiley,To"]
[Black "Schuermans,R"]
[Result "1-0"]
[WhiteElo "2343"]
[BlackElo "2277"]

1.d4 d5 2.c4 Nc6 3.cxd5 Qxd5 4.e3 e5 5.Nc3 Bb4 6.Bd2 Bxc3 7.bxc3 Qd6 8.Bd3 Nf6
9.f3 O-O 10.Ne2 exd4 11.cxd4 Nb4 12.Bxb4 Qxb4+ 13.Qd2 a5 14.Rb1 Qe7 15.e4 Nd7
16.O-O c5 17.d5 Ne5 18.Bb5 Rd8 19.f4 Nc6 20.Qb2 Qxe4 21.dxc6 bxc6 22.Rbd1 Bg4
23.h3 cxb5 24.hxg4 Re8 25.Ng3 Qe3+ 26.Kh2 Qe7 27.Nf5 Qf6 28.Qxb5 h5 29.Rd6 Re6
30.Rxe6 fxe6 31.Ne3 Qh4+ 32.Kg1 hxg4 33.Qc6 Rd8 34.Qxe6+ Kh8 35.Qxg4 Qf6
36.Qh5+ Kg8 37.Qxc5  1-0

[Event "White Nights"]
[Site "St Petersburg RUS"]
[Date "2007.07.01"]
[Round "7"]
[White "Gnidenko,A"]
[Black "Akimov,D"]
[Result "0-1"]
[WhiteElo "2135"]
[BlackElo "2238"]

1.d4 d5 2.c4 Nc6 3.cxd5 Qxd5 4.Nf3 e5 5.Nc3 Bb4 6.e3 exd4 7.exd4 Nf6 8.Be2 O-O
9.O-O Bxc3 10.bxc3 Ne4 11.c4 Qd6 12.Bb2 Re8 13.d5 Ne7 14.Rc1 Ng6 15.c5 Nxc5
16.Qd4 f6 17.Bb5 Nd7 18.Ng5 a6 19.Ba4 Nf4 20.Kh1 Ne2 21.Rfe1 Nxd4 22.Rxe8+ Nf8
23.Bxd4 b6 24.Bc6 Bb7 25.Rxa8 Bxa8 26.Bxa8 fxg5 27.h3 g4 28.Rc3 Qb4 29.Be5 gxh3
30.Rxh3 Qe1+  0-1

[Event "White Nights"]
[Site "St Petersburg RUS"]
[Date "2007.07.02"]
[Round "8"]
[White "Fedoseev,S"]
[Black "Akimov,D"]
[Result "1/2-1/2"]
[WhiteElo "2260"]
[BlackElo "2238"]

1.d4 d5 2.c4 Nc6 3.Nc3 dxc4 4.e3 e5 5.d5 Nce7 6.Bxc4 Nf6 7.Nge2 a6 8.e4 Ng6
9.O-O Bd6 10.Ng3 O-O 11.Be2 Nf4 12.Bf3  1/2-1/2

[Event "Open A"]
[Site "Kowalewo Pomorskie POL "]
[Date "2007.07.04"]
[Round "2"]
[White "Czaus,P"]
[Black "Kuchnio,P"]
[Result "1-0"]
[WhiteElo "1981"]
[BlackElo "2123"]

1.d4 d5 2.c4 Nc6 3.e3 Nf6 4.Nc3 e6 5.a3 Be7 6.Nf3 O-O 7.Be2 Re8 8.O-O Bf8
9.b4 Ne7 10.Ne5 Ng6 11.f4 Nd7 12.Bb2 dxc4 13.Bxc4 Nb6 14.Bb3 Nd5 15.Qd3 Nxe5
16.fxe5 Nxc3 17.Bxc3 Bd7 18.Rf3 Re7 19.Raf1 Bc6 20.Rh3 g6 21.Be1 Qe8 22.Rf4 Bd5
23.Bh4 Rd7 24.Bf6 Be7 25.Rfh4 Bxf6 26.exf6 h5 27.Rxh5  1-0

[Event "XXX Open"]
[Site "Barbera del Valles ESP"]
[Date "2007.07.06"]
[Round "1"]
[White "Czakon,J"]
[Black "Jose Iraeta,A"]
[Result "1-0"]
[WhiteElo "2505"]
[BlackElo "2190"]

1.d4 d5 2.c4 Nc6 3.Nc3 Nf6 4.Nf3 Bg4 5.cxd5 Nxd5 6.e4 Nxc3 7.bxc3 e5 8.d5 Ne7
9.Qa4+ Bd7 10.Qb3 Ng6 11.Qxb7 Bc5 12.Bd3 O-O 13.Bg5 f6 14.Be3 Nf4 15.Bxf4 exf4
16.O-O Rb8 17.Qa6 g5 18.Nd4 g4 19.Ne6 Bxe6 20.Qxe6+ Kh8 21.Qxg4 Qd6 22.Qh5 Qe5
23.Qxe5 fxe5 24.Rab1 Rb6 25.Rxb6 axb6 26.Bb5 Kg7 27.Rd1 Rf6 28.Rd3 Rh6 29.Bd7 Kf7
30.Bf5 Rh5 31.g3 Kf6 32.Be6 Rg5 33.Kg2 Rg7 34.Kf3 Ke7 35.gxf4 exf4 36.e5 h6
37.Bg4 Rg8 38.Kxf4 Bxf2 39.d6+ cxd6 40.Rxd6 Ra8 41.Rd7+ Kf8 42.e6 Bc5 43.Rf7+ Ke8
44.Bf3 Rxa2 45.Bc6+ Kd8 46.Rd7+ Kc8 47.e7 Bxe7 48.Rxe7 Rxh2 49.Ke5 Re2+ 50.Be4 Kd8
51.Rb7 Rb2 52.c4 Rb4 53.Bd5 Kc8 54.Rh7 b5 55.Kd6 Kb8 56.c5  1-0

[Event "Open A"]
[Site "Klatovy CZE"]
[Date "2007.07.07"]
[Round "8"]
[White "Janocko,P"]
[Black "Pokora,L"]
[Result "1-0"]
[WhiteElo "2133"]
[BlackElo "1997"]

1.d4 d5 2.c4 Nc6 3.Nf3 Bg4 4.e3 e5 5.Be2 exd4 6.Nxd4 Bxe2 7.Qxe2 Bb4+ 8.Bd2 Nge7
9.Bxb4 Nxb4 10.O-O c6 11.Nc3 dxc4 12.Qxc4 Nbd5 13.Rad1 Qa5 14.Nb3 Qb4 15.Qd3 O-O-O
16.Nxd5 Rxd5 17.Qc2 g6 18.Rd4 Rxd4 19.Nxd4 Rd8 20.a3 Qa5 21.Rc1 Rd5 22.Qe4 Qc7
23.b4 Qe5 24.Qh4 h5 25.b5 c5 26.Nf3 Qb2 27.Rf1 Rd7 28.a4 b6 29.Qe4 Kd8 30.Ne5 Rc7
31.Rd1+ Ke8 32.Nc6  1-0

[Event "ch-BEL Expert"]
[Site "Namur BEL"]
[Date "2007.07.07"]
[Round "8"]
[White "Wiley,To"]
[Black "Henris,L"]
[Result "1-0"]
[WhiteElo "2343"]
[BlackElo "2295"]

1.d4 d5 2.c4 Nc6 3.cxd5 Qxd5 4.e3 e5 5.Nc3 Bb4 6.Bd2 Bxc3 7.bxc3 Nf6 8.f3 O-O
9.Ne2 Qd6 10.Ng3 Ne7 11.Bc4 c5 12.dxe5 Qxe5 13.O-O Rd8 14.Qc2 Be6 15.Be2 Ned5
16.f4 Qd6 17.f5 Nb6 18.fxe6 Qxd2 19.exf7+ Kf8 20.Qb3 Qxe3+ 21.Kh1 c4 22.Bxc4 Nxc4
23.Qxc4 Rac8 24.Qh4 Qxc3 25.Rab1 Rc4 26.Qg5 Qd2 27.Qf5 Rc2 28.Qh3 Ng4 29.Ne4 Qe2
30.Qa3+  1-0

[Event "ch-SCO"]
[Site "Cumbernauld SCO"]
[Date "2007.07.08"]
[Round "2"]
[White "Hilton,S"]
[Black "Fraser,M"]
[Result "0-1"]
[WhiteElo "1992"]
[BlackElo "2208"]

1.d4 d5 2.c4 Nc6 3.Nf3 Bg4 4.Nc3 e6 5.cxd5 exd5 6.Bf4 Bb4 7.e3 Nge7 8.Bd3 Bd6
9.Bxd6 Qxd6 10.Nb5 Qd7 11.Rc1 a6 12.Nc3 h6 13.h3 Be6 14.Na4 b6 15.a3 O-O
16.O-O Qe8 17.Ne5 Nxe5 18.dxe5 Bd7 19.Nc3 f6 20.exf6 Rxf6 21.Ne2 c6 22.e4 Qb8
23.exd5 Nxd5 24.Ng3 Qe5 25.Be4 Kh8 26.Bxd5 cxd5 27.Qd2 Raf8 28.f4 Rxf4 29.Rxf4 Rxf4
30.Ne2 Re4 31.Nc3 Qd4+ 32.Qf2 Rf4 33.Qxd4 Rxd4 34.Rc2 Rd3 35.Ne2 Rd1+ 36.Kf2 d4
37.Rc7 Bb5 38.Nf4 Rd2+ 39.Kg3 d3 40.Ne6 Re2 41.Re7 d2 42.Rb7 d1=Q  0-1

[Event "XXX Open"]
[Site "Barbera del Valles ESP"]
[Date "2007.07.09"]
[Round "4"]
[White "Pakleza,Z"]
[Black "Jose Iraeta,A"]
[Result "1-0"]
[WhiteElo "2463"]
[BlackElo "2190"]

1.d4 d5 2.c4 Nc6 3.Nc3 dxc4 4.Nf3 Nf6 5.e4 Bg4 6.Be3 e6 7.Bxc4 Bb4 8.Qc2 O-O
9.O-O-O Bxc3 10.bxc3 Qe7 11.h3 Qa3+ 12.Qb2 Qxb2+ 13.Kxb2 Bh5 14.Bd3 b5 15.Bf4 Bxf3
16.gxf3 Rfc8 17.Rhg1 Na5 18.Rg5 a6 19.Be5 h6 20.Rg2 Nh5 21.Bxg7 Nf4 22.Rg4 Nxd3+
23.Rxd3 Kh7 24.Bf6 Rg8 25.f4 Rg6 26.e5 c6 27.Rdg3 Nc4+ 28.Kc2 Rag8 29.Kd3 Rc8
30.Bh4 Rcg8 31.f5 exf5 32.Rf4 Rxg3+ 33.fxg3 Kg6 34.g4 fxg4 35.hxg4 Rc8 36.Rf6+ Kg7
37.Bg3 Na5 38.Bf4 Rh8 39.Rd6 h5 40.Bg5 Rc8 41.gxh5 Nc4 42.Rd7 Re8 43.Ke4 a5
44.Kf5 a4 45.Rc7 Na5 46.Bf6+ Kg8 47.h6 Rf8 48.e6 fxe6+ 49.Kxe6  1-0

[Event "XXX Open"]
[Site "Barbera del Valles ESP"]
[Date "2007.07.12"]
[Round "7"]
[White "Motoc,A"]
[Black "Perez Mitjans,O"]
[Result "0-1"]
[WhiteElo "2289"]
[BlackElo "2412"]

1.d4 d5 2.c4 Nc6 3.Nf3 Bg4 4.cxd5 Bxf3 5.dxc6 Bxc6 6.Nc3 e6 7.e4 Bb4 8.f3 Nf6
9.Be2 h6 10.Be3 Ba5 11.Qb3 Bb6 12.O-O-O Qe7 13.Kb1 O-O 14.Bc4 e5 15.Ne2 Ne8
16.dxe5 Bxe3 17.Qxe3 Qxe5 18.Nd4 Nd6 19.Bd3 Qc5 20.Rc1 Qb6 21.Rhe1 Ba4 22.e5 Rfe8
23.Qf4 c5 24.exd6 cxd4 25.Bc4 Kh8 26.b3 Bd7 27.Red1 Rad8 28.Qxd4 Qa5 29.g4 f6
30.h4 Bc6 31.Qc3 Qxc3 32.Rxc3 g5 33.hxg5 fxg5 34.b4 Rf8 35.Rdd3 Rf6 36.b5 Be8
37.Kb2 Rfxd6 38.Rxd6 Rxd6 39.Re3 Bd7 40.Re7 Bxb5 41.Bxb5 Rb6 42.a4 a6 43.Re5 Kg7
44.Kc3 axb5 45.Rxb5 Rf6 46.Rxb7+ Kg6 47.a5 Rxf3+ 48.Kb4 Rf4+ 49.Kb5 Rxg4
50.a6 Rg1 51.Rb6+ Kh5 52.a7 Rb1+ 53.Kc6 Ra1 54.Kb7 Rxa7+ 55.Kxa7 g4 56.Rb1 Kh4
57.Kb6 h5 58.Kc5 g3 59.Kd4 g2 60.Ke3 Kg3 61.Ke2 h4 62.Rf1 h3 63.Rf3+ Kh2
64.Rf2 Kh1 65.Rf3 h2 66.Rf1+ g1=Q  0-1

[Event "Campeonato Continental Absolut"]
[Site "Cali COL"]
[Date "2007.07.18"]
[Round "9"]
[White "Salazar,C"]
[Black "Orozco,Lu"]
[Result "1-0"]
[WhiteElo "2215"]
[BlackElo "1908"]

1.d4 d5 2.c4 Nc6 3.Nf3 Bg4 4.cxd5 Bxf3 5.dxc6 Bxc6 6.Nc3 e6 7.e4 Bb4 8.f3 Ne7
9.Be3 Ng6 10.Qc2 Qd7 11.Be2 Bb5 12.O-O Bxe2 13.Nxe2 O-O 14.Rfd1 c6 15.Nc1 Bd6
16.Nd3 Qc7 17.g3 Rfc8 18.b4 Qe7 19.a3 e5 20.dxe5 Nxe5 21.Nxe5 Bxe5 22.Rab1 Bd6
23.Rd3 c5 24.Qd2 Rd8 25.Rd1 Bc7 26.Bxc5 Qf6 27.e5 Rxd3 28.exf6 Rxd2 29.Rxd2 Be5
30.fxg7 b6 31.Bf2 Kxg7 32.f4 Bc7 33.Rd7 Rc8 34.Kg2 Kf6 35.Rd3 Ke6 36.Rc3 Kd7
37.Kf3 f5 38.h3 h5 39.Bd4 Re8 40.Bf6 Re6 41.Bg5 Bd6 42.g4 hxg4+ 43.hxg4 fxg4+
44.Kxg4 a5 45.bxa5 bxa5 46.f5 Re5 47.Rd3 Re4+ 48.Kh5 Ra4 49.Bc1 Rc4 50.Bb2 Ke7
51.Rb3 Kf7 52.Rb7+ Rc7 53.Rxc7+ Bxc7 54.a4 Bd6 55.Kg5 Bb4 56.Kf4 Ke7 57.Ke5 Be1
58.Kd5 Kf7 59.Bd4 Bd2 60.Kc4 Bb4 61.Bc3 Be7 62.Kb5 Bd8 63.Bxa5 Bf6 64.Bb6 Bc3
65.Bd8 Ke8 66.Kc4 Bb2 67.Bb6 Kd7 68.Kd5 Kc8 69.Kc6 Kb8 70.a5 Bc3 71.a6 Be5
72.Bc7+  1-0

[Event "XXII Tadeusz Gniota Mem"]
[Site "Police POL"]
[Date "2007.07.18"]
[Round "8"]
[White "Schmidt,Wl"]
[Black "Hnydiuk,A"]
[Result "1-0"]
[WhiteElo "2415"]
[BlackElo "2377"]

1.d4 d5 2.c4 Nc6 3.Nf3 Bg4 4.Qa4 Bxf3 5.gxf3 e6 6.e3 Bb4+ 7.Nc3 Ne7 8.Bd2 O-O
9.a3 Bxc3 10.Bxc3 dxc4 11.Bxc4 Nd5 12.Qb3 Nxc3 13.Qxc3 Qh4 14.f4 Ne7 15.Be2 Nd5
16.Qd3 c5 17.dxc5 Rfd8 18.Qb3 Rac8 19.Rc1 b6 20.c6 Rd6 21.Bf3 Qh3 22.Bxd5 Rxd5
23.c7 g6 24.Qa4 e5 25.Qe4 Rb5 26.fxe5 Rxb2 27.Qd4 Ra2 28.Qd8+ Kg7 29.Qf6+ Kg8
30.Rd1 Rf8 31.Rd8 Rc2 32.Rxf8+ Kxf8 33.Qh8+  1-0

[Event "ch-ITA U20"]
[Site "Fiuggi ITA"]
[Date "2007.07.19"]
[Round "2"]
[White "Pomaro,A"]
[Black "Lettieri,G"]
[Result "0-1"]
[WhiteElo "2149"]
[BlackElo "2293"]

1.d4 d5 2.c4 Nc6 3.Nf3 Bg4 4.Nc3 e6 5.Bg5 Nge7 6.e3 f6 7.Bf4 Qd7 8.Qa4 g5
9.Bg3 Nf5 10.cxd5 exd5 11.Bb5 h5 12.h3 Nxg3 13.fxg3 Be6 14.e4 O-O-O 15.O-O g4
16.Bxc6 Qxc6 17.Nb5 Qc4 18.Qa5 Bb4 19.Qa4 Bd7 20.Qxa7 Bxb5 21.Ne5 fxe5  0-1

[Event "ch-ITA U20"]
[Site "Fiuggi ITA"]
[Date "2007.07.21"]
[Round "4"]
[White "Rombaldoni,D"]
[Black "Lettieri,G"]
[Result "1-0"]
[WhiteElo "2383"]
[BlackElo "2293"]

1.d4 d5 2.c4 Nc6 3.Nc3 Nf6 4.Nf3 dxc4 5.e4 Bg4 6.d5 Ne5 7.Bf4 Ng6 8.Be3 e5
9.Bxc4 Bd6 10.Bb5+ Bd7 11.Qb3 O-O 12.O-O Nh5 13.Bxd7 Qxd7 14.Qxb7 Nhf4 15.Qc6 Qg4
16.Ne1 Rab8 17.b3 Ba3 18.f3 Qh5 19.Rb1 Bb4 20.Rb2 f5 21.Bxa7 Ra8 22.Be3 fxe4
23.Nxe4 Bxe1 24.Bxf4 Nxf4 25.Rxe1 Nd3 26.Reb1 Nxb2 27.Rxb2 Qf7 28.a4 Rfd8
29.Rd2 h6 30.b4 Qe8 31.Qxe8+ Rxe8 32.Nc5 Kf7 33.Kf2 Ke7 34.b5 Kd6 35.Ne4+ Kd7
36.Ke3 Ke7 37.Nc5 Kd6 38.Nb7+ Ke7 39.a5 Reb8 40.a6 Rxb7 41.axb7 Rb8 42.Ke4 Rxb7
43.Rc2 Kd7 44.Rc6 Rxb5 45.Rg6  1-0

[Event "ch-MNE w"]
[Site "Cetinje MNE"]
[Date "2007.07.23"]
[Round "4"]
[White "Misovic,S"]
[Black "Vojinovic,J"]
[Result "0-1"]
[WhiteElo "1872"]
[BlackElo "2217"]

1.d4 d5 2.c4 Nc6 3.Nf3 Bg4 4.e3 e5 5.dxe5 d4 6.exd4 Bxf3 7.Qxf3 Qxd4 8.a3 O-O-O
9.Be2 Nxe5 10.Qc3 Qe4 11.Qh3+ Kb8 12.Nc3 Qc2 13.O-O Nf6 14.b4 Nd3 15.Rd1 Qxc3
16.Rxd3 Rxd3 17.Qxd3 Bxb4 18.Rb1 Qxd3 19.Bxd3 Bc5 20.Bb2 Rd8 21.Rd1 Ng4 22.Bxg7 Nxf2
23.Rf1 Nxd3+ 24.Kh1 Nf2+  0-1

[Event "29th Politiken Cup"]
[Site "Copenhagen DEN"]
[Date "2007.07.25"]
[Round "6"]
[White "Fjellengen,B"]
[Black "Dalberg,P"]
[Result "0-1"]
[WhiteElo "1899"]
[BlackElo "2205"]

1.d4 d5 2.c4 Nc6 3.Nc3 dxc4 4.d5 Ne5 5.f4 Ng4 6.h3 N4f6 7.e4 e6 8.Bxc4 exd5
9.Bxd5 Nxd5 10.Qxd5 Qxd5 11.Nxd5 Bd6 12.Be3 Be6 13.Nc3 Bb4 14.Ne2 Ne7 15.Kf2 c6
16.a3 Ba5 17.Na4 Bc7 18.Rac1 O-O 19.Nc5 Bc8 20.Nb3 b6 21.Nbd4 c5 22.Nb5 Bb8
23.Ng3 Ba6 24.Nc3 f5 25.e5 Bxe5 26.fxe5 f4 27.Bxf4 Rxf4+ 28.Ke3 Rd4 29.Rhd1 Rad8
30.Nge4 Nc6 31.Kf4 Rf8+ 32.Ke3 Re8 33.Ne2 Rxe4+ 34.Kxe4 Rxe5+ 35.Kf4 Rxe2  0-1

[Event "Open Women Bulgarian Ch"]
[Site "Vratsa BUL"]
[Date "2007.07.29"]
[Round "6"]
[White "Koen,M"]
[Black "Boneva,Z"]
[Result "1-0"]
[WhiteElo "2192"]
[BlackElo "1962"]

1.d4 d5 2.c4 Nc6 3.e3 e5 4.dxe5 Bb4+ 5.Bd2 Bxd2+ 6.Qxd2 d4 7.Nf3 Bg4 8.Nxd4 Nxe5
9.f4 Nc6 10.Nxc6 bxc6 11.Qxd8+ Rxd8 12.Nc3 Nf6 13.h3 Bd7 14.g4 O-O 15.O-O-O Rfe8
16.Bg2 Rxe3 17.Bxc6 Ree8 18.Bg2 h6 19.Rhe1 Be6 20.b3 g6 21.Bc6 Rxd1+ 22.Rxd1 Rb8
23.Na4 h5 24.g5 Ne8 25.Bd7 Ng7 26.Nc5 Bf5 27.Bxf5 Nxf5 28.Nd7 Re8 29.Nf6+ Kf8
30.Nxe8 Kxe8 31.Kb2 Ke7 32.Kc3 Ke6 33.Re1+ Kd7 34.a4 c5 35.b4 Kc6 36.bxc5 Kxc5
37.Re5+ Kc6 38.Rxf5 gxf5 39.Kd4 Kd6 40.c5+ Ke6 41.h4 a6 42.Kc4  1-0